Podniková strategie
Gespeichert in:
| 1. Verfasser: | |
|---|---|
| Format: | Buch |
| Sprache: | Tschechisch |
| Veröffentlicht: |
Praha
C. H. Beck
2014
|
| Ausgabe: | 1. vydání |
| Schlagworte: | |
| Tags: |
Keine Tags, Fügen Sie das erste Tag hinzu!
|
MARC
| LEADER | 00000nam a2200000 4500 | ||
|---|---|---|---|
| 001 | 0289005 | ||
| 005 | 20240416113608.8 | ||
| 020 | |a 978-80-7400-507-7 | ||
| 041 | 0 | |a cze | |
| 044 | |a CZ | ||
| 245 | 1 | 0 | |a Podniková strategie |c Ladislav Tyll |
| 250 | |a 1. vydání | ||
| 264 | 1 | |a Praha |b C. H. Beck |c 2014 | |
| 300 | |a 275 s. | ||
| 610 | 2 | 0 | |a stratégia podniková |
| 610 | 2 | 0 | |a riadenie podnikové |
| 610 | 2 | 0 | |a manažment strategický |
| 610 | 2 | 0 | |a prostredie podnikateľské |
| 610 | 2 | 0 | |a zdroje podnikové |
| 610 | 2 | 0 | |a cyklus podniku životný |
| 610 | 2 | 0 | |a internacionalizácia |
| 610 | 2 | 0 | |a stratégia inovačná |
| 610 | 2 | 0 | |a fúzie |
| 610 | 2 | 0 | |a kultúra podniková |
| 610 | 2 | 0 | |a etika podnikateľská |
| 610 | 2 | 0 | |a zodpovednosť podniku spoločenská |
| 100 | 1 | |a Tyll, Ladislav | |